Horse stable and riding arena design (Record no. 106189)
[ view plain ]
| 000 -LEADER | |
|---|---|
| fixed length control field | 01189cam a2200253 4500 |
| 001 - CONTROL NUMBER | |
| control field | L135756 |
| 008 - FIXED-LENGTH DATA ELEMENTS--GENERAL INFORMATION | |
| fixed length control field | 061208n2006 000 0 eng u |
| 022 ## - INTERNATIONAL STANDARD SERIAL NUMBER | |
| International Standard Serial Number | 0813828597 |
| -- | 9780813828596 |
| 035 ## - SYSTEM CONTROL NUMBER | |
| System control number | (Sirsi) u135756 |
| 041 0# - LANGUAGE CODE | |
| Language code of text/sound track or separate title | eng |
| 050 04 - LIBRARY OF CONGRESS CALL NUMBER | |
| Classification number | 690.23 $2 18 |
| 100 1# - MAIN ENTRY--PERSONAL NAME | |
| Personal name | Wheeler, Eileen Fabian |
| 245 00 - TITLE STATEMENT | |
| Title | Horse stable and riding arena design |
| 260 ## - PUBLICATION, DISTRIBUTION, ETC. | |
| Place of publication, distribution, etc. | Oxford |
| Name of publisher, distributor, etc. | Blackwell Publishing |
| Date of publication, distribution, etc. | 2006 |
| 300 ## - PHYSICAL DESCRIPTION | |
| Extent | xiv, 308p. |
| Other physical details | ill. |
| Dimensions | 26cm. |
| 350 ## - PRICE (NR) (BK AM CF MU VM SE) [OBSOLETE] | |
| Price | 75 |
| 505 0# - FORMATTED CONTENTS NOTE | |
| Formatted contents note | Horse behaviour influence on design -- Horse stable layout and planning -- Construction style and materials -- Horse farm site planning -- Stall design -- Ventilation -- Flooring materials and drainage -- Manure management -- Fire safety -- Utilities -- Lighting -- Heating -- Auxiliary management -- Fence planning -- Fence materials -- Indoor riding arena design and construction |
| 520 ## - SUMMARY, ETC. | |
| Summary, etc. | Gives engineering based design information for designing facilities with horse well being and human convenience in mind. |
| 590 ## - LOCAL NOTE (RLIN) | |
| Local note | KA |
| 651 #4 - SUBJECT ADDED ENTRY--GEOGRAPHIC NAME | |
| Geographic name | International |
| 690 ## - LOCAL SUBJECT ADDED ENTRY--TOPICAL TERM (OCLC, RLIN) | |
| Topical term or geographic name as entry element | PROPERTY-COMMERCIAL PROPERTY-LEISURE PROPERTY-SPORTS PROPERTY |
| 690 ## - LOCAL SUBJECT ADDED ENTRY--TOPICAL TERM (OCLC, RLIN) | |
| Topical term or geographic name as entry element | BUILT ENVIRONMENT-CONSTRUCTION DESIGN |
| 942 ## - ADDED ENTRY ELEMENTS (KOHA) | |
| Suppress in OPAC | 0 |
| Withdrawn status | Lost status | Source of classification or shelving scheme | Damaged status | Not for loan | Home library | Current library | Shelving location | Date acquired | Cost, normal purchase price | Total Checkouts | Full call number | Barcode | Date last seen | Copy number | Cost, replacement price | Price effective from | Koha item type |
|---|---|---|---|---|---|---|---|---|---|---|---|---|---|---|---|---|---|
| Dewey Decimal Classification | London | London | Books | 02/01/2007 | 63.75 | 690.23 WHE | 30073534 | 06/08/2019 | 1 | 63.75 | 06/08/2019 | Book |